| 000 | 00960nas a2200313 4500 | ||
|---|---|---|---|
| 001 | BR0403541 | ||
| 003 | BR-BrBNA | ||
| 005 | 20231205104709.0 | ||
| 007 | ta | ||
| 008 | 230509b bl.|||p| |||| 00| 00por d | ||
| 040 |
_aBR-BrBNA _bpor _cBiblioteca Nacional de Agricultura |
||
| 041 | _a(Pt) | ||
| 072 | _aQ54; L51 | ||
| 100 | 1 | _aSilva, J.A.M. da | |
| 100 | 1 | _aPereira-Filho, M. | |
| 100 | 1 | _aOliveira-Pereira, M.I. de | |
| 245 | 1 | _aValor nutricional e energético de espécies vegetais importantes na alimentação do tambaqui | |
| 650 | _aTAMBAQUI | ||
| 650 | _aCOMPOSIÇÃO DE ALIMENTO | ||
| 650 | _aVALOR NUTRITIVO | ||
| 650 | _aFRUTO | ||
| 650 | _aDISPERSÃO DE SEMENTE | ||
| 650 | _aÁRVORE FLORESTAL | ||
| 650 | _aDIGESTIBILIDADE | ||
| 650 | _aBROMATOLOGIA | ||
| 773 | 0 |
_tActa Amazônica (Brazil) _xISSN 0044-5967 _g(Oct-Dec 2003), v. 33(4) p. 687-699 _wBR0403541 |
|
| 909 |
_a202311 _bLúcia _c55 _dLúcia Elande |
||
| 942 |
_2AGRIS _n0 _cANA |
||
| 999 |
_c179327 _d179327 |
||